Akruálny princíp v účtovníctve obcí v procese harmonizácie účtovníctva verejnej správy

Súčasné moderné účtovníctvo vo svete je založené na akruálnom princípe. Prevzatím princípov Medzinárodných účtovných štandardov pre verejný sektor do legislatívy Slovenskej republiky upravujúcej účtovníctvo obcí sa tento princíp začal od roku 2008 v plnom rozsahu uplatňovať aj v účtovníctve obcí. Ná...

Celý popis

Uložené v:
Podrobná bibliografia
Hlavný autor: Kordošová, Alena, 1970-
Médium: Kapitola
Jazyk:Slovak
Predmet:
Tagy: Pridať tag
Žiadne tagy, Buďte prvý, kto otaguje tento záznam!

MARC

LEADER 00000nla$a2200000$$$4500
001 0088315
005 20240502072005.1
041 0 |a slo 
044 |a SK 
245 1 0 |a Akruálny princíp v účtovníctve obcí v procese harmonizácie účtovníctva verejnej správy  |c Alena Kordošová 
520 |a Súčasné moderné účtovníctvo vo svete je založené na akruálnom princípe. Prevzatím princípov Medzinárodných účtovných štandardov pre verejný sektor do legislatívy Slovenskej republiky upravujúcej účtovníctvo obcí sa tento princíp začal od roku 2008 v plnom rozsahu uplatňovať aj v účtovníctve obcí. Náklady a výnosy obcí, účtovanie. Výsledok hospodárenia obcí. Bežné a kapitálové transfery v obciach. 
610 2 0 |a sektor verejný 
610 2 0 |a štandardy účtovné medzinárodné 
610 2 0 |a obce 
610 2 0 |a účtovníctvo 
100 1 |a Kordošová, Alena, 1970-